| 000 | 00563nam a2200181Ia 4500 | ||
|---|---|---|---|
| 008 | 090711s9999 xx 000 0 und d | ||
| 082 | _b70085 | ||
| 100 | _aओशो रजनीश | ||
| 245 | _aगीतादर्शन अध्याय 18 | ||
| 260 | _c1978 | ||
| 300 | _a199 | ||
| 600 | _aओशो रजनीश | ||
| 630 | _aगीतादर्शन अध्याय 18 | ||
| 700 | _aओशो रजनीश | ||
| 700 | _aवंदना आनंद | ||
| 730 | _aगीतादर्शन अध्याय 18 | ||
| 942 | _cBOOK | ||
| 999 |
_c285697 _d285697 |
||